LEADER 00791naa a2200205 u 4500 001 000000103396 003 CaOOAMICUS 005 20070226130215.0 008 061115s1978 it u000 u ita u 035 $a11106939 040 $aIAR$bita 100 1 $aVanni Rovighi, Sofia,$d1908-1990.$0(OLS)http://pul/name/5652 245 13$aLe novità di Tommaso d'Aquino /$cSofia Vanni Rovighi. 260 $aMilano :$bVita e pensiero,$c1978. 300 $av.2, p. 189-202 ;$c22 cm 500 $aIAR: CCI.222 773 0 $aStudi di filosofia medioevale (Vanni Rovighi, Sofia) 773 0 $aVanni Rovighi, Sofia.$tStudi di filosofia medioevale$g19-20.$w()12175 996 $6245$aLe novità di Tommaso d'Aquino$9(OLS)http://pul/title/130301 996 $6260$aMilano :$bVita e pensiero$9(OLS)http://pul/publisher/48016 LEADER 01358nam a2200277 u 4500 001 000000078590 003 CaOOAMICUS 005 20070226123439.0 008 040507s1997 it u000 u ita u 035 $a10993933 040 $aPUL(R)$bita 100 1 $aCicchese, Gennaro,$d1961-$0(OLS)http://pul/name/33326 245 13$aIl concetto di alterità in prospettiva storica e antropologica /$cGennaro Cicchese. 260 $aRoma :$bPontificia Università Lateranense,$c1997. 300 $a130 p. ;$c24 cm 490 1 $aPontificia Universitas Lateranensis. Theses ad Doctoratum in Philosophia. 500 $a"Estratto della tesi di dottorato". 502 $aDiss. (doct.) -- Pontificia Universitas Lateranensis. 504 $aBibliografia : p. [17]-42. 650 4$aAntropologia$xAspetti morali e religiosi.$0(OLS)http://pul/subject/17037 830 0$aTheses ad doctoratum in philosophia (Pontificia Università Lateranense).$0(OLS)http://pul/title/1761 850 $aPUL 852 $aPUL$W1$xDP1 Tesi Pon Univ. Lateranense$y41$mTH PUL 720$j100768$nBK-PRI$b $qTesi$B100768$CPULBib$Z2$F100768 $HPUL76778 $81 941 1 $a16 996 $6245$aIl concetto di alterità in prospettiva storica e antropologica$9(OLS)http://pul/title/102938 996 $6260$aRoma :$bPontificia Università Lateranense$9(OLS)http://pul/publisher/47963